000 01525nam0a2200349 4500
001 RU\NLR\BIBL_A\022189047
005 20260405223045.0
010 _a978-5-6050490-6-7
035 _a(NLR Aleph) 022189047
090 _a13006833
_c13006833
100 _a20240405d2023 |||y0rusy50 ca
101 1 _arus
_ceng
102 _aRU
105 _aa z 000yy
181 0 _ai3
_baxxe
182 0 _an
200 1 _aРечь о благородстве и превосходсте женского пола
_fГенрих Корнелий Агриша Неттесгеймский
_gпер. с англ. яз.: Овчаренко О. А.
203 _aТекст
_bвизуальный
_cнепосредственный
210 _aМосква
_cРусская Философия
_cА. В. Суворов
_d2023
215 _a161, [6] с.
_cцв. ил.
_d22
225 1 _aСерия Женская философия
320 _aБиблиогр. в подстроч. примеч.
606 1 _aГуманизм
_yГермания
_9917436
_3RU\NLR\AUTH\6616625
606 1 _aЖенский вопрос
_xСоциально-философские вопросы
_92204549
_3RU\NLR\AUTH\661324573
686 1 _aЮ3(4Г)43-477
686 1 _aС550.535
686 1 _aЮ216.22
700 1 _8rus
_7ca
_aАгриппа Неттесгеймский
_bГ. К.
_f1486-1535
_gГенрих Корнелий
_3RU\NLR\AUTH\77101273
_984199
942 _cBOOK
980 _aNB